| 000 | 00457nam a2200157 4500 | ||
|---|---|---|---|
| 001 | 148915 | ||
| 003 | ES-MaACL | ||
| 005 | 20230906202853.0 | ||
| 007 | t| | ||
| 008 | 070214s1949 xxk r ||||1| eng d | ||
| 100 | 1 |
_aSumner, B. H. _9108777 |
|
| 245 | 1 | 0 |
_aPeter the Great and the Ottoman Empire / _cby B. H. Sumner. |
| 260 |
_aOxford : _bBasil Blackwell, _c1949 ( _fThe Vincent-Works) |
||
| 300 |
_a80 p. ; _c19 cm. |
||
| 852 |
_aES-MaACL _jD-5269 _bR.30775 |
||
| 999 |
_c148915 _d148915 |
||